000 01196nam a2200229Ia 4500
001 L840-49616
003 IT-CnALBA
008 170116s9999||||xx |||||||||||||| ||und||
040 _aIT-CnALBA
_cIT-CnALBA
041 _aITALIANO
100 _aRIVOLTELLA PIETRO
245 0 _aLA CALAMITA SOTTO VETRO. RACCONTI.
250 _a1a ed.
260 _aFIRENZE
_bL'AUTORE LIBRI
_c1996 [1° Ed.:1996 - Ed.Ling.Originale: 1996]
300 _a148 p.
500 _aRIFLESSIONE CON IRONIA SULLE DEBOLEZZE UMANE. L'OLFATTO. LA MECCANICA CHIRURGICA. IL DONO DELLA VITA. LA ERRE FRANCESE. L'OMBRA. SANTA LUCIA. UN PROCLAMA. GIACOMINO E LE MILLE LIRE. IL VECCHIO GIUSEPPE. IL POTERE. LA FIDUCIA. LA CROCETTA ROSSA. PAOLO IL P
501 _aSocietà San Paolo EM - Piazza San Paolo, 14 - 12051 ALBA (CN) (non commercial uses only) ® Copyright 2017
520 _aRIFLESSIONE CON IRONIA SULLE DEBOLEZZE UMANE. L'OLFATTO. LA MECCANICA CHIRURGICA. IL DONO DELLA VITA. LA ERRE FRANCESE. L'OMBRA. SANTA LUCIA. UN PROCLAMA. GIACOMINO E LE MILLE LIRE. IL VECCHIO GIUSEPPE. IL POTERE. LA FIDUCIA. LA CROCETTA ROSSA. PAOLO IL P
650 _aLETTERATURA FRANCESE E ALTRE
942 _cBK
957 _71
999 _a56141
_bNO
_g Copie: 1
_c308530
_d308530